| Tag |
First Indicator |
Second Indicator |
Subfields |
| LEADER |
00000cam a2200000 i 4500 |
| 001 |
in00000087870 |
| 005 |
20151008063038.0 |
| 008 |
761018c1976 nyua b 10110 engm |
| 010 |
|
|
|a 76049578
|
| 020 |
|
|
|a 0127518029
|
| 035 |
|
|
|a (OCoLC)02542549
|
| 035 |
|
|
|9 AAK1465AM
|
| 040 |
|
|
|a DLC
|c DLC
|d OCL
|d m.c.
|d TXA
|d UtOrBLW
|
| 049 |
|
|
|a TXAM
|c [1503198]
|
| 050 |
0 |
0 |
|a GC96
|b I57 1975 vol. 2
|
| 082 |
0 |
|
|a 551.4/609 s
|a 551.4/609
|
| 111 |
2 |
|
|a International Estuarine Research Conference
|n (3rd :
|d 1975 :
|c Galveston, Tex.)
|
| 245 |
1 |
0 |
|a Circulation, sediments, and transfer of material in the estuary :
|b [papers] /
|c edited by Martin Wiley.
|
| 264 |
|
1 |
|a New York :
|b Academic Press,
|c 1976
|
| 264 |
|
4 |
|c ©1977
|
| 300 |
|
|
|a xviii, 428 pages :
|b illustrations ;
|c 24 cm.
|
| 336 |
|
|
|a text
|b txt
|2 rdacontent
|
| 337 |
|
|
|a unmediated
|b n
|2 rdamedia
|
| 338 |
|
|
|a volume
|b nc
|2 rdacarrier
|
| 490 |
1 |
|
|a It's Estuarine processes ;
|v v. 2
|
| 504 |
|
|
|a Includes bibliographies and index.
|
| 650 |
|
0 |
|a Estuarine oceanography
|x Congresses.
|
| 650 |
|
0 |
|a Ocean circulation
|x Congresses.
|
| 650 |
|
0 |
|a Estuarine sediments
|x Congresses.
|
| 650 |
|
0 |
|a Sediment transport
|v Congresses.
|
| 700 |
1 |
|
|a Wiley, Martin L.
|
| 830 |
|
0 |
|a Estuarine processes ;
|v v. 2.
|
| 999 |
|
|
|a MARS
|
| 999 |
f |
f |
|s 5cbac24b-62df-3ff5-90bb-5ef3e02c38ba
|i bd24c3e0-eabb-3c7c-9cd0-c23883d84b46
|t 0
|
| 952 |
f |
f |
|p ric
|a Texas A&M University
|b Rellis Campus
|c Joint Library Facility
|s JLF
|d Remote Storage
|t 0
|e GC96 .I57 1975 v.2
|h Library of Congress classification
|i unmediated -- volume
|m A14805973069
|
| 998 |
f |
f |
|a GC96 .I57 1975 v.2
|t 0
|l Remote Storage
|